000 00932 a2200241 4500
005 20080819154226.0
008 080819t xxu||||| |||| 00| 0 eng d
010 _aENG-84749
020 _a8173046336
_c895.00
035 _aEN-68282
037 _bDBAD / PUB
040 _adpl
_bEnglish
082 _a921
245 _aThe political memoirs of an indian revolutionary
_ctranslated by Surinder Singh.
_bNaina Singh Dhoot (1904-1989)
260 _aNew Delhi :
_bManohar Publishers
_c2006 (rpr).
260 _aNew Delhi
_bPansy Books (Vendor)
_c2007
270 _a4753/23, Ansari Road, Darya Ganj,
_bNew Delhi
_cDelhi
_e110002
300 _a357 p
_c22 cm. (Hb)
500 _aIncludes bibliographical references
700 _aSurinder Singh
942 _adpl
_cEN
_k921 / POL
_2ddc
_h921
_mPOL
999 _c286
_d286